000 00644cam a22002411 4500
001 sa 66000370
003 DLC
005 20260227112214.0
008 890919s1964 ii c 000 0 kano
010 _asa 66000370
035 _a(OCoLC)20367275
040 _aDLC
_cWaU
_dDLC
042 _apremarc
043 _aa-ii---
050 0 0 _aPL4650
_b.S56
100 2 _aShama Rao, Tallak Subbanna,
_d1906-
245 1 0 _aJanapriya Kannaḍa sāhitya caritre.
260 _c[1964]
300 _axv, 652 p.
_bport.
_c19 cm.
500 _aIn Kannada.
650 0 _aKannada literature
_xHistory and criticism.
700 1 _aRajeshwariah, M.,
_d1925-
999 _c67201
_d67201